[Event "Titled Tuesday intern op 13th Feb Early"]
[Site "Chess.com INT"]
[Date "2024.02.13"]
[Round "2"]
[White "Martinez Alcantara, Jose Eduardo"]
[Black "Mammadova, Gulnar Marfat Qizi"]
[Result "1-0"]
[WhiteElo "2610"]
[BlackElo "2351"]
[PlyCount "59"]
[EventDate "2024.02.13"]
[EventType "swiss (blitz)"]
[EventRounds "11"]
[EventCountry "USA"]
[SourceTitle "CB08_2024"]
[SourceDate "2024.02.21"]
[SourceVersion "1"]
[SourceVersionDate "2024.02.21"]
[SourceQuality "1"]

1. e4 e6 2. d4 d5 3. exd5 exd5 4. Nf3 Nf6 5. h3 Bd6 6. Bd3 0-0 7. 0-0 h6 8. Nc3 c6 9. Re1 Nbd7 10. Be3 Re8 11. Qd2 Nf8 12. Bf4 Qc7 13. Bxd6 Qxd6 14. Rxe8 Nxe8 15. Re1 Be6 16. Ne2 Nf6 17. Ng3 Re8 18. Qa5 a6 19. Ne5 Bc8 20. Qd2 c5 21. c3 cxd4 22. cxd4 Ne6 23. Nf5 Qc7 24. Nxh6+ gxh6 25. Qxh6 Ne4 26. Bxe4 dxe4 27. Rxe4 Nxd4 28. Qg5+ Kf8 29. Ng6+ fxg6 30. Qf6+ 1-0

[Event "Swiss Queens Wed #2"]
[Site "FIDE Online Arena INT"]
[Date "2024.02.07"]
[Round "5"]
[White "Kosteniuk, Alexandra"]
[Black "Mammadova, Gulnar Marfat Qizi"]
[Result "1/2-1/2"]
[WhiteElo "2501"]
[BlackElo "2351"]
[PlyCount "50"]
[EventDate "2024.02.07"]
[EventType "swiss (blitz)"]
[EventRounds "11"]
[EventCountry "NET"]
[SourceTitle "CB07_2024"]
[SourceDate "2024.02.14"]
[SourceVersion "1"]
[SourceVersionDate "2024.02.14"]
[SourceQuality "1"]

1. e4 e5 2. Bc4 Nf6 3. Nc3 Nc6 4. d3 Na5 5. Nf3 d6 6. 0-0 Be7 7. a4 Nxc4 8. dxc4 c6 9. h3 Be6 10. b3 h6 11. Ba3 a5 12. Qd3 Qc7 13. Rfd1 Rd8 14. Qe3 0-0 15. Rd3 Nh5 16. Rdd1 Nf4 17. Ne2 Nxe2+ 18. Qxe2 f5 19. c5 dxc5 20. exf5 Bxf5 21. Rxd8 Rxd8 22. Nxe5 Bf6 23. Bb2 Qd6 24. Nc4 Qf8 25. Bxf6 Qxf6 1/2-1/2

[Event "Swiss Queens Wed #2"]
[Site "FIDE Online Arena INT"]
[Date "2024.02.07"]
[Round "4"]
[White "Mammadova, Gulnar Marfat Qizi"]
[Black "Babiy, Olga"]
[Result "1-0"]
[WhiteElo "2351"]
[BlackElo "2303"]
[PlyCount "83"]
[EventDate "2024.02.07"]
[EventType "swiss (blitz)"]
[EventRounds "11"]
[EventCountry "NET"]
[SourceTitle "CB07_2024"]
[SourceDate "2024.02.14"]
[SourceVersion "1"]
[SourceVersionDate "2024.02.14"]
[SourceQuality "1"]

1. e4 c5 2. Nf3 e6 3. b3 b6 4. c4 Bb7 5. Nc3 Nc6 6. Bb2 Rc8 7. g3 Nd4 8. Bg2 Nf6 9. d3 d6 10. 0-0 a6 11. Ne2 Nxe2+ 12. Qxe2 e5 13. Nh4 g5 14. Nf5 Rg8 15. f4 gxf4 16. gxf4 Ng4 17. h3 Nh6 18. fxe5 dxe5 19. Bxe5 Rc6 20. Nxh6 Rxh6 21. Kh1 Qg5 22. Bf4 Qh5 23. Qxh5 Rxh5 24. Rae1 Bc8 25. Re3 Bg7 26. e5 Bh6 27. Kh2 Be6 28. Bxh6 Rxh6 29. a3 a5 30. Rf4 Rh5 31. d4 Rhg5 32. Bc6+ Ke7 33. dxc5 bxc5 34. Rf2 Rg1 35. Bd5 Ra1 36. a4 Rgg1 37. Bxe6 Kxe6 38. Rf6+ Ke7 39. Ref3 Rh1+ 40. Kg3 Rag1+ 41. Kh4 Rg7 42. Ra6 1-0

[Event "Swiss Queens Wed #2"]
[Site "FIDE Online Arena INT"]
[Date "2024.02.07"]
[Round "8"]
[White "Mammadova, Gulnar Marfat Qizi"]
[Black "Wagner, Dinara"]
[Result "0-1"]
[WhiteElo "2351"]
[BlackElo "2457"]
[PlyCount "84"]
[EventDate "2024.02.07"]
[EventType "swiss (blitz)"]
[EventRounds "11"]
[EventCountry "NET"]
[SourceTitle "CB07_2024"]
[SourceDate "2024.02.14"]
[SourceVersion "1"]
[SourceVersionDate "2024.02.14"]
[SourceQuality "1"]

1. e4 c5 2. Nf3 d6 3. Bb5+ Bd7 4. c4 Nc6 5. Nc3 e5 6. d3 Nge7 7. Be3 Ng6 8. Nd5 Be7 9. h4 h6 10. h5 Nf8 11. a3 Ne6 12. Kf1 0-0 13. Qd2 a6 14. Bxc6 bxc6 15. Nc3 Nd4 16. Bxd4 cxd4 17. Ne2 f5 18. exf5 Bxf5 19. Ng3 Bg4 20. Nh2 Be6 21. Nf3 Bg4 22. Nh2 Bg5 23. Qc2 Qd7 24. Kg1 Be6 25. Nf3 Bf4 26. Ne4 Bg4 27. Nh2 Bxh5 28. g3 Bg5 29. Kg2 Rf7 30. Nxg5 hxg5 31. f3 g4 32. fxg4 Bxg4 33. Rhe1 Raf8 34. Kg1 Bh3 35. Qe2 Qf5 36. b4 Qg5 37. Kh1 Qxg3 38. Rg1 Qh4 39. Qe1 Rf2 40. Qe4 Qh6 41. Rg3 Bf5 42. Qxc6 Qxh2# 0-1

[Event "Swiss Queens Wed #1"]
[Site "FIDE Online Arena INT"]
[Date "2024.01.31"]
[Round "3"]
[White "Goltseva, Ekaterina"]
[Black "Mammadova, Gulnar Marfat Qizi"]
[Result "0-1"]
[WhiteElo "2329"]
[BlackElo "2351"]
[PlyCount "112"]
[EventDate "2024.01.31"]
[EventType "swiss (blitz)"]
[EventRounds "11"]
[EventCountry "NET"]
[SourceTitle "CB06_2024"]
[SourceDate "2024.02.07"]
[SourceVersion "1"]
[SourceVersionDate "2024.02.07"]
[SourceQuality "1"]

1. d4 g6 2. c4 Bg7 3. e4 d6 4. Nc3 e5 5. Be3 Nc6 6. d5 Nd4 7. Nge2 Nxe2 8. Bxe2 f5 9. exf5 gxf5 10. Bh5+ Kf8 11. f4 e4 12. 0-0 Nf6 13. Be2 Bd7 14. c5 Qe7 15. cxd6 cxd6 16. Qb3 b6 17. Rac1 h5 18. h3 h4 19. Nb5 Kf7 20. Rc7 a6 21. Nd4 Kg6 22. Nc6 Qf7 23. Bxb6 Rac8 24. Rd1 Rxc7 25. Bxc7 Bxc6 26. dxc6 Qxc7 27. Qb7 Rc8 28. Bxa6 Qxb7 29. cxb7 Rb8 30. Rxd6 Kf7 31. Rc6 Nd7 32. b4 Ke7 33. a4 Bd4+ 34. Kf1 Rd8 35. Rh6 Nb8 36. Bb5 Be3 37. Rh7+ Kf6 38. Rxh4 Kg6 39. g4 Bxf4 40. gxf5+ Kxf5 41. a5 Be3 42. a6 Ba7 43. Rh5+ Kf4 44. Rh7 Rd4 45. Rf7+ Ke3 46. h4 Rxb4 47. Be8 Rb1+ 48. Kg2 Rb2+ 49. Kg3 Rb6 50. Re7 Rh6 51. h5 Bc5 52. Re5 Bd6 53. Kg4 Bxe5 54. Kg5 Rxa6 55. Bg6 Bf4+ 56. Kf5 Rb6 0-1

[Event "Swiss Queens Wed #1"]
[Site "FIDE Online Arena INT"]
[Date "2024.01.31"]
[Round "6"]
[White "Gunina, Valentina"]
[Black "Mammadova, Gulnar Marfat Qizi"]
[Result "1-0"]
[WhiteElo "2437"]
[BlackElo "2351"]
[PlyCount "73"]
[EventDate "2024.01.31"]
[EventType "swiss (blitz)"]
[EventRounds "11"]
[EventCountry "NET"]
[SourceTitle "CB06_2024"]
[SourceDate "2024.02.07"]
[SourceVersion "1"]
[SourceVersionDate "2024.02.07"]
[SourceQuality "1"]

1. d4 Nf6 2. c4 e6 3. Nf3 d5 4. Nc3 Be7 5. Bf4 0-0 6. e3 Nbd7 7. cxd5 Nxd5 8. Nxd5 exd5 9. Bd3 c5 10. 0-0 h6 11. Rc1 c4 12. Bb1 Nf6 13. Ne5 b5 14. Nc6 Qe8 15. Nxe7+ Qxe7 16. Qf3 Ne4 17. Bxe4 dxe4 18. Qg3 Qe6 19. b3 Bb7 20. bxc4 bxc4 21. Rb1 Bd5 22. h3 c3 23. Rfc1 Rfc8 24. Rb5 Rc4 25. Bxh6 Qxh6 26. Rxd5 Rac8 27. Qe5 Qg6 28. Rd6 f6 29. Qd5+ Kh7 30. Rd7 c2 31. Re7 Rb4 32. Rxe4 Qg5 33. Rh4+ Qxh4 34. Qf5+ Kh6 35. Qxc8 Rb2 36. Qh8+ Kg5 37. f4+ 1-0

[Event "Wch Blitz (Women)"]
[Site "Samarkand"]
[Date "2023.12.30"]
[Round "16"]
[White "Mamedjarova, Turkan"]
[Black "Mammadova, Gulnar Marfat Qizi"]
[Result "1/2-1/2"]
[WhiteElo "2226"]
[BlackElo "2350"]
[PlyCount "28"]
[EventDate "2023.12.29"]
[EventType "swiss (blitz)"]
[EventRounds "17"]
[EventCountry "UZB"]
[SourceTitle "CB01_2024"]
[SourceDate "2024.01.03"]
[SourceVersion "1"]
[SourceVersionDate "2024.01.03"]
[SourceQuality "1"]

1. d4 d6 2. c4 e5 3. e3 Nf6 4. Nc3 exd4 5. exd4 d5 6. Nf3 c6 7. c5 b6 8. cxb6 axb6 9. Bd3 Bb4 10. 0-0 0-0 11. Bg5 h6 12. Bh4 Bxc3 13. bxc3 Bg4 14. h3 Bh5 1/2-1/2